书目信息 |
| 题名: |
邓小平战略思想论
|
|
| 作者: | 彭光谦 , 姚有志 编著 | |
| 分册: | ||
| 出版信息: | 北京 军事科学出版社 1994.08 |
|
| 页数: | 319页 | |
| 开本: | 32开 | |
| 丛书名: | ||
| 单 册: | ||
| 中图分类: | A851.65 | |
| 科图分类: | ||
| 主题词: | 马列著作研究--汇编--学习 , 马列著作研究--汇编 | |
| 电子资源: | ||
| ISBN: | 7-80021-794-9 | |
| 000 | 00666nam0 2200217 45 | |
| 001 | 0010221121 | |
| 005 | 20001022115327.7 | |
| 010 | @a7-80021-794-9@d15.00元 | |
| 100 | @a20001022d1994 km y0chiy0120 ea | |
| 101 | 0 | @achi |
| 105 | @a z 000yy | |
| 200 | 1 | @a邓小平战略思想论@ADeng Xiao Ping Zhan Lue Si Xiang Lun@f彭光谦,姚有志编著@FPeng Guang Qian,Yao You Zhi Bian Zhu |
| 210 | @a北京@c军事科学出版社@d1994.08 | |
| 215 | @a319页@d32开 | |
| 606 | 0 | @a马列著作研究@x汇编@x学习 |
| 606 | 0 | @a马列著作研究@x汇编 |
| 690 | @aA851.65@v3 | |
| 701 | 0 | @a彭光谦@4编著 |
| 701 | 0 | @a姚有志@4编著 |
| 801 | @aCN@bPftUser@c20001022 | |
| 905 | @b182311-315@dA851.65@eP679@f5 | |
| 邓小平战略思想论/彭光谦,姚有志编著.-北京:军事科学出版社,1994.08 |
| 319页;32开 |
| ISBN 7-80021-794-9:15.00元 |
| ● |
| 相关链接 |
|
|
|
正题名:邓小平战略思想论
索取号:A851.65/P679
 
预约/预借
| 序号 | 登录号 | 条形码 | 馆藏地/架位号 | 状态 | 备注 |
| 1 | 182311 | 201823116 | 社科库509/509社科库 6排2列5层/ [索取号:A851.65/P679] | 在馆 | |
| 2 | 182312 | 201823125 | 社科库509/509社科库 6排2列5层/ [索取号:A851.65/P679] | 在馆 | |
| 3 | 182313 | 201823134 | 社科库509/509社科库 6排2列5层/ [索取号:A851.65/P679] | 在馆 | |
| 4 | 182314 | 201823143 | 社科库509/509社科库 6排2列5层/ [索取号:A851.65/P679] | 在馆 | |
| 5 | 182315 | 201823152 | 社科库509/509社科库 6排2列5层/ [索取号:A851.65/P679] | 在馆 |